000 00268nam a2200109Ia 4500
008 221030s9999 xx 000 0 und d
245 0 _aEmployee Engagement at Coca - Cola Ltd.
260 _bCoca Cola
_aJAMMU
_c2014
300 _a70
650 _aManagement
942 _cTH
999 _c16537
_d16537